Barney's favorite Christmas stories / (Record no. 2481)

MARC details
000 -LEADER
fixed length control field 01288cam a2200373 a 4500
001 - CONTROL NUMBER
control field 2481
003 - CONTROL NUMBER IDENTIFIER
control field FISKH
005 - DATE AND TIME OF LATEST TRANSACTION
control field 20231212135444.0
008 - FIXED-LENGTH DATA ELEMENTS--GENERAL INFORMATION
fixed length control field 000120s2000 txua b 000 1 eng
010 ## - LIBRARY OF CONGRESS CONTROL NUMBER
LC control number 00100421
020 ## - INTERNATIONAL STANDARD BOOK NUMBER
International Standard Book Number 157064988X
020 ## - INTERNATIONAL STANDARD BOOK NUMBER
International Standard Book Number 045986979988
040 ## - CATALOGING SOURCE
Original cataloging agency DLC
Transcribing agency DLC
Modifying agency DLC
Language of cataloging eng
042 ## - AUTHENTICATION CODE
Authentication code lcac
050 00 - LIBRARY OF CONGRESS CALL NUMBER
Classification number PZ5.B26315
082 00 - DEWEY DECIMAL CLASSIFICATION NUMBER
Classification number 394.2663
100 ## - MAIN ENTRY--PERSONAL NAME
Personal name White, Stephen
245 00 - TITLE STATEMENT
Title Barney's favorite Christmas stories /
Statement of responsibility, etc. Written by Stephen White ; illustrated by Rick Grayson
260 ## - PUBLICATION, DISTRIBUTION, ETC.
Place of publication, distribution, etc. Barney :
Name of publisher, distributor, etc. Lyrick,
Date of publication, distribution, etc. 2000.
300 ## - PHYSICAL DESCRIPTION
Extent 102 pages :
Other physical details color illustrations ;
Dimensions 21 cm
505 0# - FORMATTED CONTENTS NOTE
Formatted contents note M<br/>
520 ## - SUMMARY, ETC.
Summary, etc. What could be more fun to find under the tree than this hardcover book feature Barney's Christmas Surprise, Barney's Christmas Wishes, Barney's Wonderful Winter Christmas Day and Barney's Night Before Christmas!
521 8# - TARGET AUDIENCE NOTE
Target audience note 540<br/>
Source Lexile estimate <br/>
521 8# - TARGET AUDIENCE NOTE
Target audience note M<br/>
Source Raz-Plus <br/>
650 #0 - SUBJECT ADDED ENTRY--TOPICAL TERM
Topical term or geographic name entry element Christmas stories.
650 #0 - SUBJECT ADDED ENTRY--TOPICAL TERM
Topical term or geographic name entry element Dinosaurs
Form subdivision Juvenile fiction.
650 #0 - SUBJECT ADDED ENTRY--TOPICAL TERM
Topical term or geographic name entry element Children's stories, American.
650 #1 - SUBJECT ADDED ENTRY--TOPICAL TERM
Topical term or geographic name entry element Christmas
Form subdivision Fiction.
650 #1 - SUBJECT ADDED ENTRY--TOPICAL TERM
Topical term or geographic name entry element Dinosaurs
Form subdivision Fiction.
650 #1 - SUBJECT ADDED ENTRY--TOPICAL TERM
Topical term or geographic name entry element Short stories.
700 ## - ADDED ENTRY--PERSONAL NAME
Personal name Grayson, Rick
Relator term illustrator
906 ## - LOCAL DATA ELEMENT F, LDF (RLIN)
a 7
b cbc
c orignew
d 2
e epcn
f 20
g y-gencatlg
942 ## - ADDED ENTRY ELEMENTS (KOHA)
Source of classification or shelving scheme Dewey Decimal Classification
Koha item type Books
Suppress in OPAC No
Holdings
Withdrawn status Lost status Source of classification or shelving scheme Damaged status Not for loan Collection Home library Current library Shelving location Date acquired Total Checkouts Full call number Barcode Date last seen Price effective from Koha item type
    Dewey Decimal Classification Damaged   Juvenile Fiction Footprints International School Library Network Toul Kork Campus Footprints International School Library Network Toul Kork Campus TK Primary Library Room(4th Floor), Bookcase 3&4, Shelves 17-32, Yellow Books 12/12/2023   WHI 394.2663 PZ5.B26315 FISBT00066 12/12/2023 12/12/2023 Books